La réponse est un élément chimique - Statistiques

Statistiques générales
  • Ce quiz a été pris 174 fois
  • Le résultat moyen est 8 sur 20
Statistiques - réponses
Indices Éléments % Correct
Conjonction de coordination Or
94%
On l'utilise pour payer des choses Argent
87%
Tube fluorescent d'enseignes lumineuses Néon
87%
Il sert à repasser des vêtements Fer
83%
Navigateur web développé par Google Chrome
75%
Planète d'origine de Superman Krypton
71%
Il peut signifier qu'une chose est parfaite Nickel
65%
Messager des Dieux dans la mythologie romaine Mercure
44%
Trophée obtenu sur PlayStation après avoir obtenu tout les trophées d'un jeu Platine
44%
Les habitants de cette commune du département de la Meuse sont les Stainois Étain
42%
Projectile d'une arme à air comprimé Plomb
36%
Argot pour désigner un avion Zinc
22%
Chanson de Nirvana présente sur l'album Nevermind Lithium
19%
Film franco-belge de Julia Ducournau ayant remporté la Palme d'or en 2021 Titane
19%
Nom de famille du pseudonyme de Nicolas Sarkozy lors d'une tentative de corruption Bismuth
15%
Nom de code de la Xbox 360 Xénon
15%
Film français de Olivier Marchal de 2017 Carbone
6%
Fils de Zeus et de la nymphe Pluto Tantale
4%
Modèle de voiture commercialisée par Chevrolet en 2005 Cobalt
3%
Rivière affluent du Mississippi dans l'État du Missouri Cuivre
3%
Aucun quiz correspondant
Distribution des résultats
% des personnes avec chaque résultat
Percentile par nombre de réponses
Votre historique - résultats
Vous n’avez pas pris ce quiz